Statistics for Name a Valid U.S. State - Big 4 Sports Teams

Click here to take the quiz!

General Stats

  • This quiz has been taken 1,382 times
    (388 since last reset)
  • The average score is 9 of 20

Answer Stats

Name a state ...Answer% Correct
with three or more teams in each of the MLB, NBA, NFL, and NHLCalifornia
99%
with three or more NBA teams, other than the state that works as an answer to the first questionTexas
88%
where three or more NFL teams play their home games, other than the state that works as an answer to the first questionFlorida
79%
with a population over 5,000,000 but no Big 4 teamsAlabama | South Carolina | Virginia
64%
with an NBA team that has won the NBA Championship in the 2020sCalifornia | Colorado | Wisconsin
53%
with an NFL team that has won the Super Bowl in the 2020sCalifornia | Florida | Missouri
51%
with an MLB team that has won the World Series in the 2020sCalifornia | Georgia | Texas
51%
with a population under 4,000,000 and at least one Big 4 teamNevada | Utah
49%
with an NHL team that has won the Stanley Cup in the 2020sColorado | Florida | Nevada
47%
that is home to one of the so-called "Original Six" NHL teams (answer must be a U.S. state)Illinois | Massachusetts | Michigan | New York
43%
with a population under 10,000,000 and two NFL teams that play their homes games in that stateMaryland | New Jersey
40%
that used to be home to an NBA team but no longer is (does not include teams that only played in the Basketball Association of America or National Basketball League)Iowa | Maryland | Missouri | Nebraska | New Jersey | Washington
38%
with an NFL team based in a metropolitan area with a population under 1,000,000Wisconsin
38%
with a population under 10,000,000 and two MLB teamsMissouri
37%
that currently has two or more Big 4 teams but had zero before 1990Nevada | Tennessee
35%
with a population over 4,000,000 and exactly one Big 4 team that plays its home games in that stateOklahoma | Oregon
35%
that has two or more Big 4 teams but no championships in any of the Big 4 sports since 2000Minnesota | Tennessee
27%
that used to be home to an NHL team but no longer is (does not include teams that played in the Pacific Coast Hockey Association)Connecticut | Georgia | Maryland
26%
with two different metropolitan areas that are home to only one Big 4 teamCalifornia | Florida
20%
that is not home to any Big 4 teams but is where a Major League Soccer team plays its home gamesKansas
14%

Score Distribution

Percentile by Number Answered

Percent of People with Each Score

Your Score History

You have not taken this quiz since the last reset